| 000 | 00604nam a22002297a 4500 | ||
|---|---|---|---|
| 001 | 000205 | ||
| 003 | DO-SdBNP | ||
| 005 | 20180226133631.0 | ||
| 007 | 000205 | ||
| 008 | 151210b 1986 sp a 00| 0 spa d | ||
| 020 | _a8476401140 | ||
| 040 |
_aBPMSU _bspa _cBPMSU |
||
| 092 |
_axxxx _bxxxx |
||
| 245 | 0 | 0 |
_aCon todo el corazón / _cilustraciones Nicoletta Costa |
| 260 |
_aMadrid ; _bEdaf, _c1986. |
||
| 300 |
_a[24] p.; _bil. _c22 cm. |
||
| 500 | _aLibro infantil de hojas de cartón duro | ||
| 910 | _a00144 | ||
| 942 |
_2ddc _cBK |
||
| 945 | _ainventariado, 2018 / dg | ||
| 956 |
_aYngrid Lockward _b10 |
||
| 999 |
_c9401 _d9401 |
||